Cumhuriyet Halk Partisi eğitim el kitabı (Record no. 8019)

MARC details
000 -BAŞLIK
Sabit Uzunlukta Kontrol Alanı 00949na a2200313 4500
001 - KONTROL NUMARASI
Denetim Alanı 20941
003 - KONTROL NUMARASI IDENTIFIER
Denetim Alanı MIRAKIL
005 - SON İŞLEM TARİHİ VE ZAMANI
Denetim Alanı 20181213155157.0
008 - SABİT-BOY VERİ ELEMANLARI - GENEL BİLGİLER
Sabit Uzunlukta Kontrol Alanı 170130b tu 000 0
035 ## - SİSTEM KONTROL NUMARASI
Sistem Kontrol Numarası 20941
040 ## - KATALOGLAMA KAYNAK
Orijinal Kataloglama Ajansı Milas
Kataloglama Dili tur
Metne Dönüştürmek Ajansı TR-AnCHP
041 ## - DİL KODU
Metin / Ses Parça Veya Ayrı Başlığın Dil Kodu tur
082 ## - DEWEY ONLU SINIFLANDIRMA NUMARASI
Sınıflandırma Numarası CHP 320.715
Ürün Numarası C36c [t.y.]
090 ## - SINIFLAMA NUMARASI
Sınıflama Numarası BROŞÜR 239
110 ## - ANA GİRİŞ - KURUMSAL ADI
Giriş Elemanı Olarak Kurumsal Ad Veya Yargı Alanı Adı Cumhuriyet Halk Partisi (CHP)
Alt Birim Genel Merkez
245 ## - BAŞLIK TABLOSU
Başlık Cumhuriyet Halk Partisi eğitim el kitabı
Sorumluluk Tablosu, Vb [CHP Genel Merkez]
246 ## - UNVAN FORM VARYING
Başlık Doğru / Kısa Başlığı CHP eğitim el kitabı
246 ## - UNVAN FORM VARYING
Başlık Doğru / Kısa Başlığı Parti içi eğitim el kitabı
260 ## - YAYIN, DAĞITIM, VB
Yayın, Dağıtım, Vb Yeri [Ankara ]
Yayıncı, Dağıtıcı, Vs Adı [CHP]
Yayın, Dağıtım, Vb Tarihi [t.y.]
300 ## - FİZİKSEL TANIM
Kapsam 159 s.
Boyutlar 22 sm.
440 ## - SERİSİ TABLOSU / KATMA GİRİŞİ - BAŞLIK
Başlık CHP yayınları
610 ## - KONU KATMA GİRİŞ - TOPLANTI ADI
Giriş Elemanı Olarak Kurumsal Ad Veya Yargı Alanı Adı Cumhuriyet Halk Partisi (CHP)
Genel Alt Bölüm Propaganda ve ideolojiler
610 ## - KONU KATMA GİRİŞ - TOPLANTI ADI
Giriş Elemanı Olarak Kurumsal Ad Veya Yargı Alanı Adı Cumhuriyet Halk Partisi (CHP)
Genel Alt Bölüm El kitapları, vb.
830 ## - SERİSİ EKLENDİ GİRİŞ - ÜNİFORM ADI
Üniforma Başlık CHP yayınları
942 ## - EKLENDİ GİRİŞ ELEMANLARI (KOHA)
Sınıflandırma Veya Raf Düzeni Kaynak Dewey Decimal Classification
Koha Öğesi Türü Books
999 ## - SİSTEM KONTROL NUMARALARI (KOHA)
Koha Biblionumber 8019
Koha Biblioitemnumber 8019
657 ## - INDEX SÜRE - İŞLEVİ
-- CHP el kitapları
657 ## - INDEX SÜRE - İŞLEVİ
-- CHP parti içi eğitimi
Holdings
Kullanım Kısıtlamaları Kalıcı Konum Mevcut Konum Edinme Tarihi Edinim Kaynak Kodlu Konum Eleme Toplam Check-Out'Lar Tam Çağrı Numarası Barkod Tarih Son Görülme Kopya Sayısı İtibaren Geçerli Fiyatlar Koha Öğesi Türü
Kütüphane dışına çıkarılamaz CHP Kütüphanesi CHP Kütüphanesi 01/30/2017 Bağış BROŞÜRLER   BROŞÜR 239 013180 01/30/2017 k.4 01/30/2017 Books